| 000 | 01140cam a2200313 a 4500 | ||
|---|---|---|---|
| 001 | 11763 | ||
| 003 | BD-RjUL | ||
| 005 | 20211208235158.0 | ||
| 008 | 140127s1968 enk b 000 0 eng d | ||
| 035 |
_aOCLC 16898 from aho144 _a(BD-RjUL)11812 |
||
| 040 |
_aDLC _cDLC _dm.c _dBD-RjUL _beng |
||
| 041 | 1 | _aengfre | |
| 082 | 0 | 0 |
_a731.750995 _bGUO 1968 |
| 100 | 1 |
_aGuiart, Jean. _936428 |
|
| 245 | 1 | 0 |
_aOceanic art : _bmasks and sculptures from New Guinea / _cJean Guiart. |
| 260 |
_aLondon : _bCollins in association with Unesco, _cc1968. |
||
| 300 |
_a30 p. : _b32 plates, 32 col. illus., 2 maps. ; _c17 cm |
||
| 500 | _aTranslation of Fleuve Sepik, Nouvelle Guinée | ||
| 504 | _aBibliography: p. [27] | ||
| 650 | 0 |
_aArt _zSepik River Valley (Indonesia and Papua New Guinea). _936429 |
|
| 650 | 0 |
_aArt, Primitive _920207 |
|
| 650 | 0 |
_aMasks _zPapua New Guinea. _936430 |
|
| 651 | 0 |
_aSepik River Valley (Indonesia and Papua New Guinea) _xMaterial culture. _936431 |
|
| 830 | 0 |
_aFontana UNESCO art books _936432 |
|
| 942 |
_2ddc _cBK |
||
| 999 |
_c11763 _d11763 |
||